书目信息 |
| 题名: |
一千天
|
|
| 作者: | 施莱辛格 , Schlesinger 著 ;仲宜 译 | |
| 分册: | ||
| 出版信息: | 北京 三联书店 1981 |
|
| 页数: | 692页 | |
| 开本: | 21cm | |
| 丛书名: | ||
| 单 册: | ||
| 中图分类: | K837.127.5 , D771.21 , D771.2 | |
| 科图分类: | ||
| 主题词: | 政治制度--美国 , 政治 | |
| 电子资源: | ||
| ISBN: | ||
| 000 | 01115nam0 2200349 45 | |
| 001 | 0181002437 | |
| 005 | 20040425084441.2 | |
| 010 | @dCNY2.15 | |
| 091 | @a3002.225 | |
| 100 | @a19950222d1981 em y0chiy0121 ea | |
| 101 | 1 | @achi@ceng |
| 102 | @aCN@b110000 | |
| 105 | @ay z 000yb | |
| 106 | @ar | |
| 200 | 10 | @a一千天@Ayi qian tian@e约翰·菲·肯尼迪在白宫@f(美)施莱辛格(A.M.Schlesinger)著@g仲宜译 |
| 210 | @a北京@c三联书店@d1981 | |
| 215 | @a692页@d21cm | |
| 300 | @a书名原文:A thousand days(John F.Kennedy in the White House) | |
| 510 | 1 | @aA tousand days(John F.Kennedy in the White House)@zeng |
| 517 | 1 | @a约翰·菲·肯尼迪在白宫@Ayue han fei ken ni di zai bai gong |
| 600 | 1 | @a肯尼迪@bJ.F@x生平事迹 |
| 606 | @a政治制度@y美国 | |
| 606 | 0 | @a政治 |
| 690 | @aK837.127.5@v3 | |
| 690 | @aD771.21@v3 | |
| 690 | @aD771.2 | |
| 701 | 1 | @a施莱辛格@Ashi lai xin ge@bA.M.@4著 |
| 701 | A1 | @aSchlesinger@bA.M.@4著 |
| 702 | 0 | @a仲宜@Azhong yi@4译 |
| 801 | 0 | @aCN@b上海图书馆@c20040425 |
| 801 | 2 | @aCN@bNLC@c20040425 |
| 905 | @f2@b177550-551@f1@b177976@f1@b56968@f3@b56969-971@dD771.2@e28 | |
| 一千天:约翰·菲·肯尼迪在白宫/(美)施莱辛格(A.M.Schlesinger)著/仲宜译.-北京:三联书店,1981 |
| 692页;21cm |
| 书名原文:A thousand days(John F.Kennedy in the White House) |
| ISBN :CNY2.15 |
| ● |
| 相关链接 |
|
|
|
|
正题名:一千天
索取号:D771.2/28
 
预约/预借
| 序号 | 登录号 | 条形码 | 馆藏地/架位号 | 状态 | 备注 |
| 1 | 0056967 | 001923208 | 密集书库/ [索取号:D771.2/28] | 在馆 | |
| 2 | 0056968 | 001015859 | 第一样本阅览室/ [索取号:D771.2/28] | 在馆 | |
| 3 | 0056969 | 001012353 | 第一借阅区/ [索取号:D771.2/28] | 在馆 | |
| 4 | 0056970 | 001015840 | 密集书库/ [索取号:D771.2/28] | 在馆 | |
| 5 | 0056971 | 001015868 | 密集书库/ [索取号:D771.2/28] | 在馆 | |
| 6 | 0177550 | 001012362 | 密集书库/ [索取号:D771.2/28] | 在馆 | |
| 7 | 0177551 | 001015831 | 密集书库/ [索取号:D771.2/28] | 在馆 | |
| 8 | 0177976 | 001015822 | 密集书库/ [索取号:D771.2/28] | 在馆 |